| 000 | 00000nam 2200000zi 4500 |
| 001 | 9.919454 |
| 003 | CaOODSP |
| 005 | 20241203113656 |
| 006 | m o d f |
| 007 | cr |n||||||||| |
| 008 | 230125s1998 quc o f|0| 0 eng d |
| 040 | |aCaOODSP|beng|erda|cCaOODSP |
| 043 | |an-cn--- |
| 086 | 1 |aEn40-565/1998E-PDF |
| 245 | 10|aMontreal Protocol : |bbusiness opportunities. |
| 264 | 1|a[Hull, Quebec] : |bEnvironment Canada = Environnement Canada, |c1998. |
| 300 | |a1 online resource (11, [9] pages) |
| 336 | |atext|btxt|2rdacontent |
| 337 | |acomputer|bc|2rdamedia |
| 338 | |aonline resource|bcr|2rdacarrier |
| 500 | |aDigitized edition from print [produced by Environment and Climate Change Canada]. |
| 650 | 0|aAir pollution control industry|xEconomic aspects|zCanada. |
| 650 | 0|aEnvironmental protection |xEconomic aspects|zCanada. |
| 650 | 0|aAtmospheric ozone|xReduction|xInternational cooperation|xEconomic aspects. |
| 650 | 6|aAir|xPollution|xLutte contre|xIndustrie|xAspect économique|zCanada. |
| 650 | 6|aEnvironnement|xProtection|xAspect économique|zCanada. |
| 650 | 6|aOzone atmosphérique|xRéduction|xCoopération internationale|xAspect économique. |
| 710 | 1 |aCanada. |bEnvironment Canada, |eissuing body. |
| 776 | 0#|tMontreal protocol : |w(CaOODSP)9.647171 |
| 856 | 40|qPDF|s1.82 MB|uhttps://publications.gc.ca/collections/collection_2023/eccc/en40/En40-565-1998-eng.pdf |